01139nam a2200289 a 4500001001200000003000800012006001900020007001500039008004100054010001700095020002800112020003500140040002100175035002000196050002300216082001700239245010400256260003900360300001600399504006600415533015200481650001400633655002900647700003000676710001700706856012600723ebr10017978CaPaEBRm u cr cn|||||||||990823s2000 ctu sb 001 0 eng  z 99046405  z0275965155 (alk. paper) z0275965163 (pbk. : alk. paper) aCaPaEBRcCaPaEBR a(OCoLC)5500283714aK5302b.P76 2000eb04a341.7/7822100aProtection against genocideh[electronic resource] :bmission impossible? /cedited by Neal Riemer. aWestport, Conn. :bPraeger,c2000. axii, 193 p. aIncludes bibliographical references (p. [171]-182) and index. aElectronic reproduction.bPalo Alto, Calif. :cebrary,d2013.nAvailable via World Wide Web.nAccess may be limited to ebrary affiliated libraries. 0aGenocide. 7aElectronic books.2local1 aRiemer, Neal,d1922-2001.2 aebrary, Inc.40uhttp://site.ebrary.com/lib/rucke/Doc?id=10017978zAn electronic book accessible through the World Wide Web; click to view